书目信息 |
| 书名: | Nations and governments | |
| 作者: | Thomas M. Magstadt. | |
| 分册号: | ||
| 分册名: | 出版地: | New York : |
|
| 出版社: | St. Martin’s Press | |
| 出版时间: | c1998. | |
| 页数: | xxvii, 569, 24, 18 p. : | |
| 开本: | 24 cm. | |
| 丛书名: | ||
| 中图分类号: | ||
| 科图分类号: | ||
| 其他分类号: | D0 | |
| 主题词: | ||
| 电子资源: | ||
| 000 | 00986nam a2200289 a 450 | |
| 001 | E0755716463 | |
| 005 | 20070506152859.21 | |
| 008 | 971212s1998 nyuab b 001 0 eng | |
| 010 | @a97065173 | |
| 020 | @a0312153961. | |
| 035 | @A(DLC) 97065173 | |
| 040 | @aDLC@cDLC | |
| 050 | 00 | @aJF51@b.M413 1998 |
| 082 | 00 | @a320.3@2 21 |
| 090 | @aD0 | |
| 099 | @dD0@ex26=3 | |
| 100 | 1 | @aMagstadt, Thomas M. |
| 245 | 10 | @aNations and governments :@bcomparative politics in regional perspective / @cThomas M. Magstadt. |
| 250 | @a3rd ed. | |
| 260 | @aNew York :@bSt. Martin’s Press,@cc1998. | |
| 300 | @axxvii, 569, 24, 18 p. :@bcol. ill., col. maps ;@c24 cm. | |
| 504 | @aIncludes bibliographical references and index. | |
| 650 | 0 | @aComparative government. |
| 906 | @a7@bcbc@corignew@d3@eopcn@f19@gy-gencatlg | |
| 922 | @aad | |
| 955 | @apb07 12-11-97 to cat.; sf00 12-30-97; sf13 02-18-98; sf05 02-19-98 | |
| 991 | @bc-GenColl@hJF51@i.M413 1998@p00053365280@tCopy 1@wBOOKS | |
| Nations and governments : : comparative politics in regional perspective / / Thomas M. Magstadt.-3rd ed.-New York : : St. Martin’s Press, , c1998. |
| xxvii, 569, 24, 18 p. : : col. ill., col. maps ; ; 24 cm. |
| Includes bibliographical references and index. |
| ISBN 0312153961. |
| ● |
| 相关链接 |
|
|
|
|
正题名:Nations and governments
索取号:D0/x26=3
 
预约/预借
| 序号 | 登录号 | 条形码 | 馆藏地/架位号 | 状态 | 备注 |
| 1 | 0007523 | 300075237 | 第二样本阅览室/ [索取号:D0/x26=3] | 在馆 |